El amo de la pista /

Gardado en:
Detalles Bibliográficos
Autor Principal: Díez, Luis Mateo (autor)
Formato: Libro
Idioma:Lingua castelá
Publicado: Barcelona, España : Alfaguara, 2024, c2024
Series:(Narrativa Hispánica)
Temas:
Etiquetas: Engadir etiqueta
Sen Etiquetas, Sexa o primeiro en etiquetar este rexistro!

MARC

LEADER 00000nam^a2200000^a^4500
001 000593275
005 20250521000000.0
009 20260310133004.349
020 |a 978-84-204-7724-4 
037 |a Acervo ITESO - Biblioteca 
041 |a ESP 
082 |a 863.  |b DIE 
100 |a Díez, Luis Mateo  |e (autor) 
245 1 3 |a El amo de la pista /  |c L.M. Díez. 
264 4 |a Barcelona, España :  |b Alfaguara,  |c 2024, c2024 
300 |a 293 p. 
336 |a texto  |b txt  |2 rdacontenido 
337 |a sin mediación  |b n  |2 rdamedio 
338 |a volumen  |b nc  |2 rdasoporte 
440 1 |a (Narrativa Hispánica) 
521 |a FIL 2024 DIA 
649 |a XX 
650 |a Jóvenes en la Literatura 
650 |a Manipulación en la Literatura 
650 |a Vulnerabilidad Social en la Literatura 
650 |a Novela Castellanoleonesa 
650 |a Novela Española 
650 |a Psicología y Literatura -  |z Castilla-León, España 
650 |a Psicología y Literatura -  |z España 
650 |a Literatura Castellanoleonesa -  |y Siglo XXI 
650 |a Literatura Española -  |y Siglo XXI 
910 |a Fondo General 
920 |a Impresos - Libros 
930 |a Colección General 
940 |a Literatura 
905 |a 101 
901 |a 593275-10  |b IT1  |c LIT  |i C188583  |u 20250521 
902 |a https://opac.biblio.iteso.mx/vufind/Record/000593275